Normal view
MARC view
Entry Personal Name
001 - CONTROL NUMBER
- control field: 16526
003 - CONTROL NUMBER IDENTIFIER
- control field: BD-RjUL
005 - DATE AND TIME OF LATEST TRANSACTION
- control field: 20250809121749.0
008 - FIXED-LENGTH DATA ELEMENTS
- fixed length control field: 250809|| aca||aabn | a|a d
040 ## - CATALOGING SOURCE
- Original cataloging agency: BD-RjUL
- Transcribing agency: BD-RjUL
100 ## - HEADING--PERSONAL NAME
- Personal name: Moreau, Adrien,
- Dates associated with a name: 1843-1906
670 ## - SOURCE DATA FOUND
- Source citation: Work cat.: (BD-RjUL)85478: Balzac, Honoré de, 1799-1850. 11577, Béatrix, /, [c1897]